00986nam a2200229Ia 4500003000900000008004100009040001600050080001800066100002600084245023300110260005200343300001300395650003700408650003700445650003300482650004900515700003300564700003700597942000700634999001500641952010000656IN-BaIIA211028s9999 xx 000 0 eng d cIIA Library a083.3:52bDAV aDavis, Robert J98359 0aCelescope catalog of ultraviolet stellar observationsb5068 objects measured by the Smithsonian experiment board the Orbiting Astronomical Observatory (OAO-2)cRobert J. Davis, William A. Deutschman and Katherine L. Haramundanis aWashingtonbSmithsonian Institution Pressc1973 av, 248p. a Catalogue-Observations 98360 a Observations catalogue 98361 a Stellar observations98362 aAstronomy and Astrophysics Thesaurus 91143 aDeutschman, William A.98363 aHaramundanis, Katherine L.98364 cBK c4714d4714 00104070aBANbBANcGENd1975-05-08l0o083.3:52/ DAVp5268r2021-11-05w1975-05-08yBK 4.85